00205nam a2200085Ia 450000100070000000500170000700800410002424500290006526000250009470492820250826162420.0250824s9999 xx 000 0 und d 0aGENÇ SAFAHATcANONİM bKÜLTÜR YAYINLARI